<?xml version="1.0" encoding="UTF-8"?>
<record
    xmlns:xsi="http://www.w3.org/2001/XMLSchema-instance"
    xsi:schemaLocation="http://www.loc.gov/MARC21/slim http://www.loc.gov/standards/marcxml/schema/MARC21slim.xsd"
    xmlns="http://www.loc.gov/MARC21/slim">

  <leader>01439nam a2200313 i 4500</leader>
  <controlfield tag="001">10076</controlfield>
  <controlfield tag="003">KOSZ 005</controlfield>
  <controlfield tag="005">20180417100905.0</controlfield>
  <controlfield tag="008">060218s2004    pl a   f     |000 0 pol</controlfield>
  <datafield tag="015" ind1=" " ind2=" ">
    <subfield code="a">PB 2006/9591</subfield>
  </datafield>
  <datafield tag="040" ind1=" " ind2=" ">
    <subfield code="a">WA N</subfield>
    <subfield code="c">BPK</subfield>
    <subfield code="d">KOSZ 005/EG</subfield>
  </datafield>
  <datafield tag="041" ind1="0" ind2=" ">
    <subfield code="a">pol</subfield>
    <subfield code="b">eng</subfield>
  </datafield>
  <datafield tag="080" ind1=" " ind2=" ">
    <subfield code="a">338.47:656.1/.7(438)"1989/..."</subfield>
  </datafield>
  <datafield tag="080" ind1=" " ind2=" ">
    <subfield code="a">338.47:656.1/.7(4-67)</subfield>
  </datafield>
  <datafield tag="100" ind1="1" ind2=" ">
    <subfield code="a">KROMER, Bo&#x17C;enna.</subfield>
    <subfield code="b">Politechnika Koszali&#x144;ska - Instytut Ekonomii i Zarz&#x105;dzania,</subfield>
    <subfield code="c">Zak&#x142;ad Zarz&#x105;dzania</subfield>
    <subfield code="d">1996 - .</subfield>
  </datafield>
  <datafield tag="245" ind1="1" ind2="0">
    <subfield code="a">System polskiego transportu w &#x15B;wietle integracji z Uni&#x105; Europejsk&#x105; /</subfield>
    <subfield code="c">Bo&#x17C;enna Kromer.</subfield>
  </datafield>
  <datafield tag="260" ind1=" " ind2=" ">
    <subfield code="a">Koszalin :</subfield>
    <subfield code="b">Wydaw. Uczelniane Politechniki Koszali&#x144;skiej,</subfield>
    <subfield code="c">2004.</subfield>
  </datafield>
  <datafield tag="300" ind1=" " ind2=" ">
    <subfield code="a">291, [1] s. :</subfield>
    <subfield code="b">il. ;</subfield>
    <subfield code="c">24 cm.</subfield>
  </datafield>
  <datafield tag="490" ind1="1" ind2=" ">
    <subfield code="a">Monografia Wydzia&#x142;u Ekonomii i Zarz&#x105;dzania / [Politechnika Koszali&#x144;ska]</subfield>
  </datafield>
  <datafield tag="500" ind1=" " ind2=" ">
    <subfield code="a">Nr ISSN 0239-7129 oraz nr 105 zwi&#x105;zany jest z tyt. kluczowym: Monografie - Wy&#x17C;sza Szko&#x142;a In&#x17C;ynierska w Koszalinie.</subfield>
  </datafield>
  <datafield tag="504" ind1=" " ind2=" ">
    <subfield code="a">Bibliogr. s. 271-287.</subfield>
  </datafield>
  <datafield tag="546" ind1=" " ind2=" ">
    <subfield code="a">Streszcz. ang.</subfield>
  </datafield>
  <datafield tag="650" ind1=" " ind2="0">
    <subfield code="a">Transport.</subfield>
  </datafield>
  <datafield tag="651" ind1=" " ind2="0">
    <subfield code="9">6697</subfield>
    <subfield code="a">Polska.</subfield>
  </datafield>
  <datafield tag="830" ind1=" " ind2=" ">
    <subfield code="a">Monografia Wydzia&#x142;u Ekonomii i Zarz&#x105;dzania - Politechnika Koszali&#x144;ska ;</subfield>
    <subfield code="v">nr 105</subfield>
  </datafield>
  <datafield tag="856" ind1=" " ind2=" ">
    <subfield code="u">http://koha.tu.koszalin.pl/cgi-bin/koha/opac-detail.pl?biblionumber=45338</subfield>
    <subfield code="z">Katalog online BPK</subfield>
  </datafield>
  <datafield tag="856" ind1=" " ind2=" ">
    <subfield code="u">http://dlibra.tu.koszalin.pl/dlibra/docmetadata?id=704&amp;from=&amp;dirids=1&amp;ver_id=&amp;lp=1&amp;QI=</subfield>
    <subfield code="z">Biblioteka Cyfrowa</subfield>
  </datafield>
  <datafield tag="942" ind1=" " ind2=" ">
    <subfield code="2">UKD</subfield>
    <subfield code="c">KS</subfield>
  </datafield>
  <datafield tag="999" ind1=" " ind2=" ">
    <subfield code="c">10076</subfield>
    <subfield code="d">10076</subfield>
  </datafield>
</record>
